000 00555nam a22001577a 4500
003 OSt
005 20151101110057.0
008 151101b xxu||||| |||| 00| 0 eng d
040 _cRUA
082 _aFOR ប្រាក់ 1990 B115 Or.1
100 _93132
_aប្រាក់ ណូម៉ា
245 _aសកម្ភាពគ្រប់គ្រងបច្ចេកទេសវិស័យព្រៃឈើនៅខេត្តស្ទឹងត្រែង
260 _aPhnom Penh
_bRUA
_c1990
300 _a92p.
_bill.
_c29cm.
942 _2ddc
_cFOR
999 _c2921
_d2921